Jódované nenasýtené mastné kyseliny v prevencii hypotyreóz u dospievajúcich býčkov

Bibliographic Details
Main Authors: Bekeová, Eva, 1944- (Author), Siklenka, Pavol, 1944- (Author), Krajničáková, Mária (Author), Hendrichovský, Valentín (Author), Levkut, Mikuláš, 1951- (Author)
Format: Article
Language:Slovak
PhysicalDescription:Obr., tab.
ISSN:1335-0099
Subjects:

MARC

LEADER 00000nab a2200000 a 4500
001 vtls000669767
003 SK-MaSNL
005 20260304181957.0
008 250426c1998 xo 0 slo
015 |a SNBRB1998/07-18439 
035 |a CLN000021945 
035 |a urn:nbn:sk:snk-abi9t 
035 |a (urnnbn)urn:nbn:sk:snk:ar-a03s9c 
035 |a (uuid)f11e2f16-5877-4364-8d07-5f8c7a5f64fc 
040 |a SNKBUCL  |b slo  |c SNKBUCL  |e AACR2 
041 0 |a slo 
044 |a xo  |c SK 
080 |a 619:616.441-008.64:636.2.054  |2 1997 
080 |a 636.2.054.09  |2 1997 
245 0 0 |a Jódované nenasýtené mastné kyseliny v prevencii hypotyreóz u dospievajúcich býčkov  |c E. Bekeová ... [et al.] 
300 |b Obr., tab. 
504 |a Res. angl., slov. Bibliogr. odkazy 
650 0 7 |a býky dospievajúce  |x hypotyreóza  |x tyroxín  |x trijódtyronín  |x testosterón  |x jód  |x aplikácia  |2 snkbucl  |9 1512614 
650 0 7 |a jód  |2 snkbucl  |9 14954 
650 0 7 |a hypotyreóza  |2 snkbucl  |9 13518 
650 0 7 |a tyroxín  |2 snkbucl  |9 14955 
650 0 7 |a trijódtyronín  |2 snkbucl  |9 1222281 
650 0 7 |a testosterón  |2 snkbucl  |9 14956 
655 7 |a články z novín a časopisov  |2 snkbucl  |9 267496 
700 1 |a Bekeová, Eva,  |d 1944-  |4 aut  |9 233902 
700 1 |a Siklenka, Pavol,  |d 1944-  |4 aut  |9 233903 
700 1 |a Krajničáková, Mária  |4 aut  |9 13071 
700 1 |a Hendrichovský, Valentín  |4 aut  |9 822463 
700 1 |a Levkut, Mikuláš,  |d 1951-  |4 aut  |9 197341 
773 0 |t Slovenský veterinársky časopis  |g Roč. 23, č. 3 (1998), s. 153-158  |x 1335-0099 
850 |a Slovenská národná knižnica 
852 |a Slovenská národná knižnica 
954 |a odborná, vedecká literatúra pôvodná (slovenská)  |2 lita 
958 |a article27 
958 |a NB 
958 |a OND 
958 |a EUIPO 
992 |a RBX 
999 |c 3026921  |d 3028851